| 000 | 01501cam a2200289zu 4500 | ||
|---|---|---|---|
| 001 | 88949960 | ||
| 003 | FRCYB88949960 | ||
| 005 | 20251020123402.0 | ||
| 006 | m o d | ||
| 007 | cr un | ||
| 008 | 251020s2022 fr | o|||||0|0|||fre d | ||
| 020 | _a9782200631963 | ||
| 035 | _aFRCYB88949960 | ||
| 040 |
_aFR-PaCSA _bfr _c _erda |
||
| 100 | 1 | _aOgawa, Junko | |
| 245 | 0 | 1 |
_aKitsune _bGrand manuel de japonais _c['Ogawa, Junko', 'Enokida, Fumitsugu'] |
| 264 | 1 |
_bArmand Colin _c2022 |
|
| 300 | _a p. | ||
| 336 |
_btxt _2rdacontent |
||
| 337 |
_bc _2rdamdedia |
||
| 338 |
_bc _2rdacarrier |
||
| 650 | 0 | _a | |
| 700 | 0 | _aOgawa, Junko | |
| 700 | 0 | _aEnokida, Fumitsugu | |
| 856 | 4 | 0 |
_2Cyberlibris _uhttps://international.scholarvox.com/netsen/book/88949960 _qtext/html _a |
| 520 | _aCe manuel de japonais conçu pour débutants fournit un cours étape par étape pour apprendre le japonais tel qu’il est écrit et parlé aujourd’hui. Exercices de compréhension écrite et orale corrigés, dialogues avec situations narratives variées, listes de vocabulaire, points de grammaire, pistes audio, feuilles d'entraînement pour maîtriser l'hiragana, le katakana et le kanji... Il enseigne les compétences essentielles pour s’exprimer dans un large éventail de situations concrètes, jusqu'à la maîtrise du niveau B1 du Cadre européen des langues. La méthode est agrémentée de points culturels sur les coutumes et les caractéristiques de la vie au Japon. | ||
| 999 |
_c1553999 _d1553999 |
||